ARTHROPOD PESTS AND NATURAL ENEMIES ON CASHEW TREE IN PRASAT SAMBO DISTRICT, KAMPONG THOM PROVINCE,(ប្រភេទសត្វល្អិតចង្រៃ និងមានប្រយោជន៍លើដំណាំស្វាយចន្ទី ណៅស្រុកប្រសាទសំបូរ ខេត្តកំពង់ធំ). (Record no. 975)

000 -LEADER
fixed length control field 00698nam a22001337a 4500
040 ## - CATALOGING SOURCE
Transcribing agency RUA
082 ## - DEWEY DECIMAL CLASSIFICATION NUMBER
Classification number AGR THA 2010 BO43 Or.1
100 ## - MAIN ENTRY--AUTHOR NAME
Personal name THANN, DARA
245 ## - TITLE STATEMENT
Title ARTHROPOD PESTS AND NATURAL ENEMIES ON CASHEW TREE IN PRASAT SAMBO DISTRICT, KAMPONG THOM PROVINCE,(ប្រភេទសត្វល្អិតចង្រៃ និងមានប្រយោជន៍លើដំណាំស្វាយចន្ទី ណៅស្រុកប្រសាទសំបូរ ខេត្តកំពង់ធំ).
260 ## - PUBLICATION, DISTRIBUTION, ETC. (IMPRINT)
Place of publication PHNOM PHEN
Name of publisher RUA
Year of publication 2010
300 ## - PHYSICAL DESCRIPTION
Number of Pages XII,73P.
Other physical details ILL.
Dimensions 29CM.
856 ## - ELECTRONIC LOCATION AND ACCESS
Uniform Resource Identifier https://drive.google.com/file/d/1FyR38h9_UGgf-WslN1AfvwAKLPG6WT8K/view?usp=sharing
942 ## - ADDED ENTRY ELEMENTS (KOHA)
Koha item type AGR
952 ## - LOCATION AND ITEM INFORMATION (KOHA)
Withdrawn status [LOCAL, KOHA] 0
952 ## - LOCATION AND ITEM INFORMATION (KOHA)
Withdrawn status [LOCAL, KOHA] 0
952 ## - LOCATION AND ITEM INFORMATION (KOHA)
Withdrawn status [LOCAL, KOHA] 0
952 ## - LOCATION AND ITEM INFORMATION (KOHA)
Withdrawn status [LOCAL, KOHA] 0
Holdings
Permanent Location Date acquired Koha item type Lost status Shelving location Barcode Current Location Full call number
Library Block B2015-09-21AGR B033RUA008736Library Block BAGR THA 2010 BO43 Or.1
Library Block B2015-09-21AGR B033RUA000264Library Block BAGR THA 2010 BO43 Or.2
Library Block B2015-09-21AGR B033RUA000342Library Block BAGR THA 2010 BO43 Or.3
Library Block B2015-09-21AGR B033RUA000558Library Block BAGR THA 2010 BO43 Or.4
មជ្ឈមណ្ឌលឯការនៃសាកលវិទ្យាល័យភូមិន្ទកសិកម្មចំការដូង

Powered by Koha